000 00403nam a2200157Ia 4500
008 230524s9999 xx 000 0 und d
082 _a5.133
_bSCH
100 _aGary P.Schneider
245 0 _a"E-Commerce: Strategy, Technologies And Implementation"
250 _a8TH
260 _aNEW DELHI
_bCengage
_c2011
300 _aXI;454
500 _aQuantity Number: 8
650 _aComp-Sc
942 _cBK
999 _c49341
_d49341